| 000 | 00773nam a22002417a 4500 | ||
|---|---|---|---|
| 008 | 240821b mp ||||| |||| 00| 0 mon d | ||
| 040 |
_aSE0153081 _bmon _cMN-UlNLM _dMN-UlNLM _erda |
||
| 041 | _amon | ||
| 084 |
_2NNA _a75.5 _bБ-121 |
||
| 100 | _aДамдинсүрэн Д | ||
| 245 | 0 | _aХүүхдийн тоглоомын талбай | |
| 245 | 0 | _b0 | |
| 245 | 0 | _cХян. Х.Доржсүрэн; Ө.Шаравдорж | |
| 264 |
_aУБ _bУХГ _c1963 |
||
| 300 | _a55х | ||
| 336 |
_2rdacontent _atext _btxt |
||
| 337 |
_2rdamedia _aunmediated _bn |
||
| 338 |
_2rdacarrier _avolume _bnc |
||
| 505 | _tХүүхдийн тоглоомын талбай; Дамдинсүрэн Д; сурган | ||
| 942 |
_2NNA _cBK |
||
| 999 |
_c1147729 _d1147786 |
||